[Event "Bad Soden U10 op"]
[Site "Bad Soden"]
[Date "2019.10.06"]
[Round "9"]
[White "Jaeger, Viktoria"]
[Black "Weiss, Adrian"]
[Result "1/2-1/2"]
[WhiteElo "870"]
[BlackElo "772"]
[PlyCount "56"]
[EventDate "2019.10.03"]
[EventType "swiss"]
[EventRounds "9"]
[EventCountry "GER"]
[SourceTitle "CBM 192 Extra"]
[Source "Chessbase"]
[SourceDate "2019.11.06"]
[SourceVersion "1"]
[SourceVersionDate "2019.11.06"]
[SourceQuality "1"]

1. e4 c5 2. Nf3 Nc6 3. c4 Qc7 4. d4 cxd4 5. Nxd4 e5 6. Nf3 g6 7. Nc3 Bg7 8. Be2 Nf6 9. Bd2 0-0 10. 0-0 d6 11. Qc1 Nd4 12. Bh6 Nxe2+ 13. Nxe2 Nxe4 14. Bxg7 Kxg7 15. Qc2 Nf6 16. b3 Bf5 17. Qd2 Ne4 18. Qe1 Bg4 19. Nc3 Nc5 20. Nd2 Nd3 21. Qe3 Nf4 22. Nb5 Qc6 23. f3 Bf5 24. Rad1 a6 25. Nc3 Qd7 26. Rc1 Bh3 27. g3 Ne6 28. Nde4 f5 1/2-1/2

[Event "GER-ch U25-C"]
[Site "Willingen"]
[Date "2019.06.12"]
[Round "6"]
[White "Weidenhoefer, Ben"]
[Black "Weiss, Adrian"]
[Result "1-0"]
[WhiteElo "821"]
[BlackElo "774"]
[PlyCount "43"]
[EventDate "2019.06.08"]
[EventType "swiss"]
[EventRounds "9"]
[EventCountry "GER"]
[SourceTitle "CBM 191 Extra"]
[Source "ChessBase"]
[SourceDate "2019.09.30"]
[SourceVersion "1"]
[SourceVersionDate "2019.09.30"]
[SourceQuality "1"]

1. d4 d5 2. Nc3 Nf6 3. Nf3 Bf5 4. Bf4 e6 5. e3 c5 6. Bb5+ Ke7 7. dxc5 a6 8. Bd6+ Qxd6 9. cxd6+ Kxd6 10. Bd3 Bg6 11. 0-0 Nc6 12. Bxg6 hxg6 13. Re1 Ne5 14. Nxe5 Kxe5 15. f3 Be7 16. e4 Rad8 17. exd5+ Kd6 18. dxe6+ Kc7 19. Qe2 Kb8 20. exf7 Rh7 21. Qxe7 Rdh8 22. h3 1-0

[Event "GER-ch U25-C"]
[Site "Willingen"]
[Date "2019.06.12"]
[Round "5"]
[White "Weiss, Adrian"]
[Black "Hapke, Lara"]
[Result "0-1"]
[WhiteElo "774"]
[BlackElo "1358"]
[PlyCount "32"]
[EventDate "2019.06.08"]
[EventType "swiss"]
[EventRounds "9"]
[EventCountry "GER"]
[SourceTitle "CBM 191 Extra"]
[Source "ChessBase"]
[SourceDate "2019.09.30"]
[SourceVersion "1"]
[SourceVersionDate "2019.09.30"]
[SourceQuality "1"]

1. d4 d5 2. Nf3 e6 3. Bf4 Nf6 4. e3 Be7 5. c4 0-0 6. Nc3 Nbd7 7. Bd3 b6 8. b3 Bb7 9. h4 Ne4 10. Nb5 Bb4+ 11. Ke2 c6 12. Qc2 cxb5 13. cxb5 Rc8 14. Qb2 Bc3 15. Qa3 Bxa1 16. Rxa1 Re8 0-1

[Event "GER-ch U25-C"]
[Site "Willingen"]
[Date "2019.06.09"]
[Round "2"]
[White "Keuper, David"]
[Black "Weiss, Adrian"]
[Result "1-0"]
[WhiteElo "1075"]
[BlackElo "774"]
[PlyCount "57"]
[EventDate "2019.06.08"]
[EventType "swiss"]
[EventRounds "9"]
[EventCountry "GER"]
[SourceTitle "CBM 191 Extra"]
[Source "ChessBase"]
[SourceDate "2019.09.30"]
[SourceVersion "1"]
[SourceVersionDate "2019.09.30"]
[SourceQuality "1"]

1. e4 d5 2. exd5 Qxd5 3. Nc3 Qa5 4. Nf3 Bf5 5. Bc4 e6 6. d4 c6 7. h3 Bd6 8. Bd2 Nf6 9. 0-0 Qc7 10. Re1 Nbd7 11. Bg5 h6 12. Bxf6 Nxf6 13. d5 cxd5 14. Bxd5 e5 15. Rc1 0-0-0 16. Nb5 Qb6 17. c4 Bc5 18. Qe2 Rhe8 19. Bxf7 Re7 20. Nxe5 Rxe5 21. Qxe5 Bxf2+ 22. Kh1 Bxe1 23. Qxf5+ Rd7 24. Rxe1 a6 25. Nc3 Qc6 26. Be6 Kc7 27. Bxd7 Nxd7 28. Nd5+ Kc8 29. Ne7+ 1-0